Responses for Show #4421 - Monday, November 24, 2003

Contestants

[<< previous game]

Traci Brandon, a media indexer from New York, New York

Michael O'Mara, a scenic artist from Duluth, Georgia

Scott Troy, a student from Highland Park, Illinois (whose 1-day cash winnings total $4,600)

[next game >>]

Jeopardy! Round responses

OGDEN NASH
ALBUMS
VARIETY PACK
CATCHPHRASES
TURN AROUND, I'M DRESSING
YOU'RE A BEAST!
    $200 4
liquor

Traci
    $200 7
Bad

Scott
    $200 12
Yul Brynner

Michael
    $200 1
to bite the hand that feeds you

Michael
    $200 24
(Alex: With a minute to go.)

French dressing

Scott
    $200 19
porcupines

Traci
    $400 5
ostrich

Michael
    $400 8
Peter, Paul and Mary

Triple Stumper
    $400 13
yule log

Michael
    $400 2
(Traci: What is in the White House?)
(Scott: What is in Congress?)

in the Senate

ScottTraci
Triple Stumper
    $400 28
the ranch

Scott
    $1,000 20
(Traci: What is a wolf?)

coyote

Traci
    $600 6
milk

Scott
    $600 9
Father of the Bride

Scott
    $600 14
(Alex: He died in 1975.)

Euell Gibbons

Michael
    $600 3
come back a star

Triple Stumper
    $600 27
Russian dressing

Traci
    $600 21
earwig

Scott
    $800 22
parsley

Scott
    $800 10
AC/DC

Scott
    $800 15
You'll (Never Get Rich)

Traci
    $800 17
if you snooze, you lose

Traci
    $800 26
vinegar

Scott
    $1000 23
celery

Triple Stumper
    $1000 11
(Traci: Who was Elvis Presley?)

Bobby Brown

Traci
Triple Stumper
    $1000 16
(Traci: What is ewel?)

Isle

Traci
Triple Stumper
    $1000 18
fire in the hole

Scott
    $1000 25
Green Goddess

Triple Stumper
    $1000 29
(Michael: What is a mole?)
[end-of-round signal sounds]

wombat

Michael
Triple Stumper

Scores at the first commercial break (after clue 16):

Scott Michael Traci
$1,800 $1,800 -$1,400

Scores at the end of the Jeopardy! Round:

Scott Michael Traci
$5,600 $800 -$800

Double Jeopardy! Round responses

ART EXHIBITS
MOVIE GROUPS
THE SEVEN "C"s
NAME THAT CENTURY
BELOVED BELARUS
NEW IN BARTLETT'S
(Alex: We're dealing with quotations from their 17th edition, which was published in 2002.)
    $400 1
Ocean's 11/Eleven

Scott
    $400 7
crust

Michael
    $400 5
(Michael: What is the 19th century?)

20th century

MichaelTraci
    $400 21
the Soviet Union

Michael
    $400 10
Princess Diana

Scott
    $800 27
illuminated manuscripts

Triple Stumper
    $800 2
(Harrison) Ford

Scott
    $800 9
current

Triple Stumper
    $800 8
(Michael: What is the 17th century?)

18th century (1790)

ScottMichael
    $800 22
(Alex: Minute to go now.)

(Joseph) Stalin

Michael
    $800 11
"Show Me the Money!"

Scott
    $3,000 29
(Traci: What is Cleveland?)
...
[The end-of-round signal sounds.]

New Orleans, Louisiana

Traci
    $1200 3
12 Angry Men

Scott
    $1200 18
(Michael: What are cone snails?)
(Scott: What are crustaceans?)

conchs

ScottMichael
Triple Stumper
    $1200 15
19th century

Michael
    $1200 23
Minsk

Michael
    $2,000 12
(Alex: Six degrees of separation.)

6

Scott
    $1600 28
[Traci selects her next clue just as the end-of-round signal sounds]

Henri Matisse

Traci
    $1600 4
(Michael: What is The Magnificent Seven?)

The Wild Bunch

Michael
Triple Stumper
    $1600 19
cormorants

Michael
    $1600 16
(Alex: It happened in the 1600s, hence the [*].)

17th century

Triple Stumper
    $1600 24
(Alex: It happened with the breakup of the Soviet Union.)

1991

Triple Stumper
    $1600 13
Charles Schulz

Michael
    $2000 26
the Salon

Triple Stumper
    $2000 6
Charles Bronson

Triple Stumper
    $2000 20
Challenger Deep

Triple Stumper
    $2000 17
7th century

Triple Stumper
    $2000 25
Marc Chagall

Triple Stumper
    $2000 14
Toni Morrison

Traci

Scores at the end of the Double Jeopardy! Round:

Scott Michael Traci
$10,800 $4,000 $200
(lock game)

[wagering suggestions for these scores]

Final Jeopardy! Round responses

WOMEN IN BUSINESS
TraciWho is Mary Kay?
$0
MichaelWho is Mary Kay?
$3,500
ScottWho is Mary Kay?
$200
Mary Kay

Final scores:

Scott Michael Traci
$11,000 $7,500 $200
2-day champion: $15,600 2nd place: $2,000 3rd place: $1,000

Game dynamics:

Coryat scores:

Scott Michael Traci
$10,000 $4,000 $4,200
17 R
(including 1 DD),
2 W
12 R,
5 W
8 R,
5 W
(including 2 DDs)

Combined Coryat: $18,200

[game clues] [game scores] [suggest correction]

Game tape date: 2003-08-27
The J! Archive is created by fans, for fans. Scraping, republication, monetization, and malicious use prohibited; this site may use cookies and collect identifying information. See terms. The Jeopardy! game show and all elements thereof, including but not limited to copyright and trademark thereto, are the property of Jeopardy Productions, Inc. and are protected under law. This website is not affiliated with, sponsored by, or operated by Jeopardy Productions, Inc. Join the discussion at JBoard.tv.